Sidman's neuroanatomy : (Record no. 429)

000 -LEADER
fixed length control field 01218nam a22003617a 4500
001 - CONTROL NUMBER
control field 370811824
003 - CONTROL NUMBER IDENTIFIER
control field OCoLC
005 - DATE AND TIME OF LATEST TRANSACTION
control field 20210420052511.0
008 - FIXED-LENGTH DATA ELEMENTS--GENERAL INFORMATION
fixed length control field 070821s2008 pau 000 0 eng
010 ## - LIBRARY OF CONGRESS CONTROL NUMBER
LC control number 2007033285
016 7# - NATIONAL BIBLIOGRAPHIC AGENCY CONTROL NUMBER
Record control number 101465690
Source DNLM
020 ## - INTERNATIONAL STANDARD BOOK NUMBER
International Standard Book Number 9780781765688 (pbk. : alk. paper)
020 ## - INTERNATIONAL STANDARD BOOK NUMBER
International Standard Book Number 0781765684 (pbk. : alk. paper)
035 ## - SYSTEM CONTROL NUMBER
System control number (OCoLC)370811824
Canceled/invalid control number (OCoLC)154714859
-- (OCoLC)166317485
040 ## - CATALOGING SOURCE
Original cataloging agency DLC
Transcribing agency DLC
Modifying agency NLM
-- BAKER
-- BTCTA
-- C#P
-- YDXCP
-- CDX
-- MUQ
-- IG#
041 ## - LANGUAGE CODE
Language code of text/sound track or separate title eng
049 ## - LOCAL HOLDINGS (OCLC)
Holding library YYEA
080 ## - UNIVERSAL DECIMAL CLASSIFICATION NUMBER
Universal Decimal Classification number 616.8
Item number G-69
096 ## - LOCALLY ASSIGNED NLM-TYPE CALL NUMBER (OCLC)
Classification number WL 18.2 G696s 2008
100 1# - MAIN ENTRY--PERSONAL NAME
Personal name Gould, Douglas J.
245 10 - TITLE STATEMENT
Title Sidman's neuroanatomy :
Remainder of title a programmed learning tool /
Statement of responsibility, etc. Douglas J. Gould, Jennifer K. Brueckner.
250 ## - EDITION STATEMENT
Edition statement 2nd ed.
260 ## - PUBLICATION, DISTRIBUTION, ETC.
Place of publication, distribution, etc. Philadelphia :
Name of publisher, distributor, etc. Lippincott Williams & Wilkins,
Date of publication, distribution, etc. c2008.
300 ## - PHYSICAL DESCRIPTION
Extent xiii, 798 p. ;
Dimensions 28 cm.
590 ## - LOCAL NOTE (RLIN)
Local note c.1 & c.2 1005215x Ritt 9/2/10 $93.42 (for both)
650 #2 - SUBJECT ADDED ENTRY--TOPICAL TERM
Topical term or geographic name entry element Neuroanatomy
Form subdivision Programmed Instruction.
650 #0 - SUBJECT ADDED ENTRY--TOPICAL TERM
Topical term or geographic name entry element Neurology
9 (RLIN) 100
653 ## - INDEX TERM--UNCONTROLLED
Uncontrolled term ნევროლოგია
653 ## - INDEX TERM--UNCONTROLLED
Uncontrolled term ნეუროანატომია
700 1# - ADDED ENTRY--PERSONAL NAME
Personal name Brueckner, Jennifer K.,
Dates associated with a name 1970-
700 1# - ADDED ENTRY--PERSONAL NAME
Personal name Sidman, Richard L.
942 ## - ADDED ENTRY ELEMENTS (KOHA)
Source of classification or shelving scheme
Koha item type Books
Edition 2
Holdings
Withdrawn status Lost status Source of classification or shelving scheme Damaged status Not for loan Permanent location Current location Date acquired Inventory number Total Checkouts Full call number Barcode Date last seen Price effective from Koha item type
          Ken Walker International University Ken Walker International University 11/25/2020 912   616.8 G-69 912 11/25/2020 11/25/2020 Books

Powered by Koha